NFL Rookie Rushing Champions - Statistics

General Stats
  • This quiz has been taken 11 times
  • The average score is 20 of 56
Answer Stats
Year Yards Player % Correct
2007 1,341 Adrian Peterson
91%
1983 1,808 Eric Dickerson
82%
2018 1,307 Saquon Barkley
82%
1989 1470 Barry Sanders
73%
2005 1,178 Cadillac Williams
73%
1990 937 Emmitt Smith
73%
2003 579 Onterrio Smith
73%
2023 976 Bijan Robinson
64%
2016 1,631 Ezekiel Elliott
64%
1972 1,055 Franco Harris
64%
2004 1,133 Kevin Jones
64%
2001 1,236 LaDainian Tomlinson
64%
1994 1,282 Marshall Faulk
64%
2021 1,200 Najee Harris
64%
1999 1,553 Edgerrin James
55%
1998 1,223 Fred Taylor
55%
1993 1,429 Jerome Bettis
55%
2020 1,169 Jonathan Taylor
55%
1982 697 Marcus Allen
55%
2015 1,106 Todd Gurley
55%
2022 1,050 Kenneth Walker
45%
2012 1,613 Alfred Morris
36%
2025 975 Ashton Jeanty
36%
2002 1,508 Clinton Portis
36%
1995 1,487 Curtis Martin
36%
2011 897 DeMarco Murray
36%
1978 1,450 Earl Campbell
36%
1981 1,674 George Rogers
36%
1997 1,129 Corey Dillon
27%
1970 803 Duane Thomas
27%
2014 1,124 Jeremy Hill
27%
2019 1,150 Josh Jacobs
27%
2017 1,327 Kareem Hunt
27%
2000 1,487 Mike Anderson
27%
1975 919 Mike Thomas
27%
1979 1,605 Ottis Anderson
27%
1980 1,303 Billy Sims
18%
2013 1,178 Eddie Lacy
18%
1984 1,100 Greg Bell
18%
1977 1,007 Tony Dorsett
18%
2024 1,122 Bucky Irving
9%
1996 1,368 Eddie George
9%
1988 1,168 John Stephens
9%
2006 1,081 Joseph Addai
9%
1985 1,104 Kevin Mack
9%
2009 947 Knowshon Moreno
9%
2010 1,007 LeGarrette Blount
9%
1991 959 Leonard Russell
9%
1973 988 Boobie Clark
0%
1976 724 Clark Gaines
0%
1974 1,162 Don Woods
0%
1971 1,105 John Brockington
0%
1986 1,353 Rueben Mayes
0%
2008 1,282 Steve Slaton
0%
1987 619 Troy Stradford
0%
1992 565 Vaughn Dunbar
0%
No matching quizzes found
Score Distribution
Percent of People with Each Score
Percentile by Number Answered
Your Score History
You have not taken this quiz